000
00265nam a2200097Ia 4500
001
647035
005
20250826153654.0
008
250824s9999 xx 000 0 und d
245
0
_a
Küçük Mimarlar Hem İş Yeri Hem Ev
_c
Gerry Bailey
260
_b
TÜBİTAK YAYINLARI
999
_c
647035
_d
647035